Catálogo - Centro de Recursos para el Aprendizaje y la Investigación

Volver al Sitio - CRAI Biblioteca

Vocabulario referido a género (Registro nro. 113561)

Detalles MARC
000 -CABECERA
campo de control de longitud fija 00487nam a2200169Ia 4500
001 - NÚMERO DE CONTROL
campo de control 113561
003 - IDENTIFICADOR DEL NÚMERO DE CONTROL
campo de control DR-UNIBE
005 - FECHA Y HORA DE LA ÚLTIMA TRANSACCIÓN
campo de control 20250506131816.0
008 - DATOS DE LONGITUD FIJA--INFORMACIÓN GENERAL
campo de control de longitud fija 250506buuuu xx ||||| |||| 00| 0 spa d
040 ## - FUENTE DE LA CATALOGACIÓN
Centro/agencia transcriptor BIBLIOTECA UNIBE
Centro catalogador/agencia de origen BIBLIOTECA UNIBE
Normas de descripción rda
041 ## - CÓDIGO DE LENGUA
Código de lengua del texto/banda sonora o título independiente spa
082 ## - NÚMERO DE LA CLASIFICACIÓN DECIMAL DEWEY
Número de clasificación F-5960
245 00 - MENCIÓN DE TÍTULO
Título Vocabulario referido a género
260 ## - PUBLICACIÓN, DISTRIBUCIÓN, ETC.
Lugar de publicación, distribución, etc. Santo Domingo :
Nombre del editor, distribuidor, etc. Secretería Técnica de Género,
Fecha de publicación, distribución, etc. [Fecha de publicación no identificada]
300 4# - DESCRIPCIÓN FÍSICA
Extensión 16 páginas
942 ## - ELEMENTOS DE PUNTO DE ACCESO ADICIONAL (KOHA)
Fuente del sistema de clasificación o colocación Sistema de Clasificación Decimal Dewey
Tipo de ítem Koha Folleto
Existencias
Estado de retiro Estado de pérdida Fuente del sistema de clasificación o colocación No para préstamo Código de colección Localización permanente Ubicación/localización actual Fecha de adquisición Total de préstamos Signatura topográfica completa Código de barras Fecha visto por última vez Número de copia Precio válido a partir de Tipo de ítem Koha
  Disponible Sistema de Clasificación Decimal Dewey   Folletos Biblioteca Central UNIBE Biblioteca Central UNIBE 01/01/2025   F-5960 F250081 06/05/2025 Ej. 1 06/05/2025 Folleto